000 01158nam a22003617a 4500
001 BR0703216
003 BR-BrBNA
005 20230928102459.0
007 ta
008 230509b bl.||||| |||| 00| 0 por d
040 _aBR-BrBNA
_bpor
_cBiblioteca Nacional de Agricultura
041 _a(Eng, Spa, Por)
072 _aE16; H10; H20
_b0600
090 _ 0600 BR0703216
100 1 _aKovaleski, A.(coord.)
110 1 _aEMBRAPA Uva e Vinho, Bento Gonçalves, RS (Brasil)
111 1 _a4. Seminário Brasileiro de Produção Integrada de Frutas
_cBento Gonçalves, RS (Brazil)
_d2002
245 1 _a4. Seminário Brasileiro de produção Integrada de Frutas; anais
260 3 _aBento Gonçalves, RS (Brasil):
_c2002.
300 _a98 p.
500 _aSeveral bibliography; 22 tables; 22 illus.
650 _aFRUTA
650 _aSISTEMA DE PRODUÇÃO
650 _aAGRICULTURA SUSTENTÁVEL
650 _aDOENÇA DE PLANTA
650 _aAGROTÓXICO
650 _aINSPEÇÃO SANITÁRIA
650 _aPRÁTICA CULTURAL
650 _aAGRICULTURA ORGÂNICA
650 _aRASTREAMENTO
909 _a202309
_bLucia
_c55
_dLucia Elande
942 _cBK
999 _c70981
_d70981